000 00770nam a22001937a 4500
003 OSt
005 20161026101736.0
008 131114b2004 slv spa
040 _cCRI
_aBMC
082 _a972.8412
082 _a972.84
110 2 _99357
_aInstituto Geográfico Nacional Ingeniero Pablo Arnoldo Guzmán (El Salvador)
245 1 0 _aSan Miguel
_b: monografía departamental y sus municipios
_c[investigación y edición, Centro Nacional de Registros, Instituto Geográfico Nacional]
260 _aSan Salvador
_bEl Instituto : Centro Nacional de Registros
_c2004
300 _a150 p.
_bil. col. y n., mapas
_c27 cm
651 4 _99298
_aEl Salvador
_xDescripción
651 0 _99304
_aSan Miguel (El Salvador)
_xDescripción
942 _2ddc
_cBK
_hprozim
999 _c26370
_d26370